Design for natural ventilation in hot humid weather

Na minha lista:
Detalhes bibliográficos
Autor principal: Reed, Robert H (Author)
Formato: Livro
Idioma:inglês
Publicado em: Washington, D.C Building Research Institute 1953
Assuntos:
Tags: Adicionar Tag
Sem tags, seja o primeiro a adicionar uma tag!

MARC

LEADER 00000nam a2200000 a 4500
001 UCV8896
003 CL-VaPUC
008 920129e19530000US |||||||||||||||||eng|d
082 0 4 |a 697.92  |b REE  |2 21 
100 0 |a Reed, Robert H  |e author  |9 302877 
245 1 0 |a Design for natural ventilation in hot humid weather 
300 |a 13 p 
942 |c BK 
945 |d 19920129 00:00:00 
260 |a Washington, D.C  |b Building Research Institute  |c 1953 
650 0 |a Ventilación  |9 267243 
583 |a last modification  |c 19920129 00:00:00  |k Rodrigo Vera 
999 |c 214317  |d 214315 
952 |0 0  |1 0  |4 0  |6 697_920000000000000_REE_1953  |7 0  |8 P  |9 197559  |a BIBARQ  |b BIBARQ  |d 2019-11-14  |i 2652277  |o 697.92 REE 1953  |p 2652277  |r 2025-01-20  |w 2019-11-14  |y BK  |k ARQ